An introduction to philosophy of history
Tallennettuna:
| Päätekijä: | |
|---|---|
| Aineistotyyppi: | Kirja |
| Kieli: | englanti |
| Julkaistu: |
Londres
Hutchinson University
1967
|
| Painos: | 3a. ed |
| Aiheet: | |
| Tagit: |
Lisää tagi
Ei tageja, Lisää ensimmäinen tagi!
|
MARC
| LEADER | 00000nam a2200000 a 4500 | ||
|---|---|---|---|
| 001 | UCZ6069 | ||
| 003 | CL-VaPUC | ||
| 008 | 951201e19670000UK |||||||||||||||||eng|d | ||
| 082 | 0 | 4 | |a 930.01 |b WAL |2 21 |
| 100 | 0 | |a Walsh, W. H |e author |9 350276 | |
| 245 | 1 | 3 | |a An introduction to philosophy of history |
| 250 | |a 3a. ed | ||
| 300 | |a 215 p | ||
| 942 | |c BK | ||
| 945 | |d 19951201 00:00:00 |a lriquelm | ||
| 260 | |a Londres |b Hutchinson University |c 1967 | ||
| 650 | 0 | |a Filosofía de la historia |9 265651 | |
| 650 | 0 | |a Historia y estudios conexos |9 338055 | |
| 650 | 0 | |a Escuelas filosóficas |9 266232 | |
| 583 | |a last modification |c 19951201 00:00:00 |k Rodrigo Vera | ||
| 999 | |c 242328 |d 242326 | ||
| 952 | |0 0 |1 0 |4 0 |6 930_010000000000000_WAL_1967 |7 0 |8 P |9 255188 |a BIBEDU |b BIBEDU |c BIBEDU_PB |d 2019-11-19 |i 1578952 |o 930.01 WAL 1967 |p 1578952 |r 2024-01-25 |w 2019-11-19 |y BK |k FIL | ||